000 00270nam a2200121Ia 4500
008 191201s2008 xx 000 0 und d
100 _aBHASHKER, J
245 0 _aVHDL Primer
260 _aN. Delhi
_bPHI
_c2008
300 _a373
650 _aB.Tech(ECE)
942 _2ddc
_cBK
999 _c6354
_d6354